000
00319nam a22001217a 4500
008
180206b xxu||||| |||| 00| 0 eng d
041
_a
eng
080
_a
331.101.262
100
_a
52
101
_a
BNJ
245
_a
Making organizations humane and productive: a handbook for practitioners
_c
Meltzer,H
942
_2
udc
_c
BK
999
_c
41937
_d
41937